Rozpoznaj anime po głównym bohaterze! - Statystyki

Ogólne statystyki
  • Ten quiz został rozwiązany 121 razy
  • Średni wynik to 13 z 55
Statystyki odpowiedzi
Postać Anime % Poprawnych
Light Yagami Death Note
84%
Satoru Gojou JUJUTSU KAISEN
72%
Saitama One Punch Man / opm
70%
Ken Kaneki Tokyo Ghoul
60%
Akame Akame Ga Kill
55%
Eren Yeager Attack on Titan / Shingeki no Kyojin / aot / snk
55%
Violet Evergarden Violet Evergarden
51%
Subaru Natsuki Re Zero
50%
Zero Two Darling in The Franxx
43%
Tanjirou Kamado Demon Slayer / Kimetsu No Yaiba
41%
Takemichi Hanagaki Tokyo Revengers
41%
Denji Chainsaw Man
40%
Koro-sensei Assassination Classroom
38%
Edward Erlic Fullmetal Alchemist
34%
Giorno Giovana JOJO
34%
Marin Kitagawa My Dress Up Darling / My Dress-Up Darling / Project Cosplay
33%
Sora / Shiro No Game No Life / ngnl
33%
Yato Noragami
32%
Rin Okumura Blue Exorcist / Ao no exorcist
31%
Senkuu Ishigami Dr Stone / Dr. Stone
30%
Yuno Gasai Future Diary / Mirai Nikki
28%
Thorfinn Karlsefni Vinland Saga
27%
Alucard Hellsing
25%
Taiga Aisaka Toradora
25%
Issei Hyoudou High school DxD
24%
Shinji Ikari Neon Genesis Evangelion / Evangelion / nge
24%
Kazuma Satou Konosuba
23%
Rimuru Tempest That Time I Got Reincarnated as a Slime / Slime
23%
Souma Yukihira Food Wars / Shokugeki no Souma
20%
Lelouch vi Britannia Code Geass
19%
Nao Tomori Charlotte
18%
David Martinez Cyberpunk Edgerunners / Cyberpunk
17%
Kusou Saiki The Disastrous Life of Saiki K. / Saiki K
16%
Mei Misaki Another
15%
Shirou Emiya Fate
15%
Hachiman Hikigaya My Teen Romantic Comedy SNAFU / SNAFU / Oregairu
14%
Makoto Naegi Danganronpa
13%
Revy Black Lagoon
10%
Kenzou Tenma Monster
9%
Koyomi Araragi Bakemonogatari / Monogatari
8%
Kayo Hinazuki ERASED
8%
Rintarou Okabe Steins;Gate / Steins Gate
8%
Siesta The Detective Is Already Dead
6%
Lucy Elfen Lied
5%
Shinpei Ajiro Summer Time Rendering / Summer Time Render
3%
Yuzuru Otonashi Angel Beats
2%
Iori Kitahara Grand Blue
2%
Hiro Shishigami Inuyashiki
2%
Shinya Kougami Psycho-Pass
2%
Dokuro Mitsukai Bludgeoning Angel Dokuro-chan / Dokuro- chan
1%
Keiichi Maebara Higurashi no naku koro ni / When Ther Cry
1%
Ichika Orimura Infinite Stratos
1%
Ryouta Sakamoto Btooom! / Btooom
0%
Takashi Komuro High School of the Dead
0%
Yuuna Yunohana Yuuna and the Haunted Hot Springs / Yuuna
0%
Nie znaleziono quizów pasujących do podanych kryteriów
Rozkład punktacji
Procent ludzi z każdym wynikiem
Percentyl według liczby udzielonych odpowiedzi
Twoja historia wyników
Nie rozwiązałeś tego quizu